000 00490nam a2200157 i 4500
001 99519
003 ES-MaACL
005 20230906182517.0
007 t|
008 050912s1968 sp ||||1| spa d
100 1 _aMartín Tordesillas, Aurea María.
_977664
245 1 4 _aLas abejas y la miel en la antigüedad clásica /
_cAurea María Martín Tordesillas.
260 _aMadrid :
_b[s.n.],
_c1968 (
_fGráf. Condor)
300 _a46 p. ;
_c24 cm.
852 _aES-MaACL
_j2062-F-38
_bR.66232
999 _c99519
_d99519